| 000 | 00000nam##2200000za#4500 |
| 001 | 9.608515 |
| 003 | CaOODSP |
| 005 | 20200327111854 |
| 007 | ta |
| 008 | 150406|1991||||xxc||||| f|0| 0 eng|d |
| 020 | |a0-660-14276-7 |
| 022 | |a0821-1027 |
| 040 | |aCaOODSP|beng |
| 043 | |an-cn--- |
| 086 | 1 |aR61-2/9-55E |
| 110 | 1 |aCanada.|bEnvironment Canada. |bCanadian Parks Service. |
| 245 | 14|aThe garrison of Québec from 1748 to 1759 / |cby Gilles Proulx. |
| 260 | |aOttawa - Ontario : |bEnvironment Canada. |c1991. |
| 300 | |a56p. : |billus., references ; |c23 cm. |
| 490 | 1 |aStudies in archaeology, architecture and history|x0821-1027 |
| 500 | |aContents: Organization and management of military forces.--Background of the military.--Soldiers and their environment.--Military activities.--Living habits and leisure activities. |
| 520 | 3 |aBy Gilles Proulx. Describes what life was like for the men serving in the garrison of Québec. Contents: Organization and management of military forces. Background of the military. Soldiers and their environment. Military activities. Living habits and leisure activities. Illus., references. |
| 563 | |aSoftcover |
| 590 | |a92-07|b1992-02-13 |
| 720 | 1 |aProulx, Gilles |
| 830 | #0|aStudies in archaeology, architecture and history,|x0821-1027|w(CaOODSP)9.514872 |